| 000 | 00973nac a22002891u 4500 | ||
|---|---|---|---|
| 003 | EG-ScBUE | ||
| 005 | 20211117102403.0 | ||
| 008 | 200219r19951986le f 000 d eng d | ||
| 040 |
_aEG-ScBUE _beng _erda _cEG-ScBUE _dEG-ScBUE |
||
| 082 | 0 | 4 |
_a822.8 _bWIL _222 |
| 100 | 1 |
_aWilde, Oscar, _d1854-1900, _eauthor. |
|
| 245 | 1 | 4 |
_aThe importance of being Ernest : _bwith an introduction, a guide, notes and a glossary / _cOscar Wilde. |
| 250 | _aReprint edition. | ||
| 264 | 1 |
_aBeirut : _bYork Press, _c1995. |
|
| 300 |
_axxvi, 113 pages : _c20 cm. |
||
| 336 |
_2rdacontent _atext _btxt |
||
| 337 |
_2rdamedia _aunmediated _bn |
||
| 338 |
_2rdacarrier _avolume _bnc |
||
| 490 | 0 | _aYork classics | |
| 650 | 7 |
_aEnglish drama (Comedy) _y19th century. _2BUEsh |
|
| 650 | 7 |
_aIdentity (Psychology) _vDrama. _2BUEsh |
|
| 650 | 7 |
_aFoundlings _vDrama. _2BUEsh |
|
| 651 | _2BUEsh | ||
| 653 |
_bHHUUEENN _cNovember2021 |
||
| 655 |
_vReading book _934232 |
||
| 942 |
_cBB _2ddc |
||
| 999 |
_c271 _d271 |
||